Normal view
MARC view
- Punjab (India)
Entry Geographic Name
001 - CONTROL NUMBER
- control field: 3789
003 - CONTROL NUMBER IDENTIFIER
- control field: NUST
005 - DATE AND TIME OF LATEST TRANSACTION
- control field: 20170807102816.0
008 - FIXED-LENGTH DATA ELEMENTS
- fixed length control field: 170807|| aca||aabn | a|a d
040 ## - CATALOGING SOURCE
- Original cataloging agency: NUST
- Transcribing agency: NUST
151 ## - HEADING--GEOGRAPHIC NAME
- Geographic name: Punjab (India)
- General subdivision: History.
670 ## - SOURCE DATA FOUND
- Source citation: Work cat.: (NUST)0: Latif, Syad Muhammad, 1851-1902. 3788, History of the Punjab from the remotest antiquity to the present time /, 1984.
